|
|
|
|
| LEADER |
00000nab#a22000007a#4500 |
| 001 |
arbauad004661 |
| 003 |
AR-BaUAD |
| 005 |
20250711110643.0 |
| 008 |
940708|||||||||###||||||b###|0###a|spa|| |
| 040 |
|
|
|a AR-BaUAD
|c AR-BaUAD
|b spa
|
| 100 |
|
|
|a Resnick Brenner, Moisés
|
| 245 |
|
|
|a Política del hábitat :
|b un documento /
|c Moisés Resnick Brenner; Héctor Villar;
|
| 300 |
0 |
|
|b gráf.
|
| 653 |
|
|
|a POLITICA URBANA
|
| 653 |
|
|
|a POLITICA HABITACIONAL
|
| 700 |
1 |
|
|a Villar, Héctor
|
| 773 |
0 |
|
|t SUMMA
|g no. 145-146 [ene.-feb. 1980], p. 46-49
|
| 942 |
|
|
|c ARTI
|
| 952 |
|
|
|0 0
|1 0
|4 0
|7 0
|9 49581
|a AR-BAuAD
|b AR-BAuAD
|d 2025-07-11
|l 0
|p AAQA004661
|r 2025-07-11 11:06:43
|w 2025-07-11
|y ARTI
|
| 990 |
|
|
|a U198
|b TD
|
| 998 |
|
|
|a AAQ
|b BIBUN76
|
| 999 |
|
|
|c 29254
|d 29254
|